|
|
|
|
| LEADER |
00000nam0a2200000 4500 |
| 001 |
676762 |
| 005 |
20241202095738.0 |
| 090 |
|
|
|a 676762
|
| 100 |
|
|
|a 20241119d1880 m||y1rusy50 ba
|
| 101 |
0 |
|
|a ger
|
| 102 |
|
|
|a DE
|
| 105 |
|
|
|a a j 001yy
|
| 181 |
|
0 |
|a i
|b e
|
| 182 |
|
0 |
|a n
|
| 183 |
|
0 |
|a nc
|2 RDAcarrier
|
| 200 |
1 |
|
|a Lehrbuch der Ingenieur- und Maschinen-Mechanik. Mit den nöthigen Hülfslehren aus der Analysis für den Unterricht an technischen Lehranstalten sowie zum Gebrauche für Techniker. Dritter Theil. Die Mechanik der Zwischen- und Arbeitsmaschinen. Zweite Abtheilung. Die Maschinen zur Ortsveränderung
|f Bearbeitet von Dr. phil. Julius Weisbach, Gustav Herrmann
|
| 203 |
|
|
|a Текст
|b визуальный
|c непосредственный
|
| 205 |
|
|
|a Zweite verbesserte und vervollständigte Auflage
|
| 210 |
|
|
|a Braunschweig
|c Druck und Verlag von Friedrich Vieweg und Sohn
|d 1880
|
| 215 |
|
|
|a X, 1299 S.
|c il.
|
| 283 |
|
|
|a volume
|2 RDAcarrier
|
| 300 |
|
|
|a Напечатано готическим шрифтом
|
| 300 |
|
|
|a В описании используется грамматика 19 века
|
| 316 |
|
|
|5 63413507: 14049
|a На форзаце надпись на иностранном языке
|
| 316 |
|
|
|5 63413507: 14049
|a На форзаце владельческий штамп: «П. А. Вагнер»
|
| 317 |
|
|
|5 63413507: 14049
|a Поступил в НТБ в 1914 г. в дар от инженера Путей Сообщения П. А. Вагнера
|
| 320 |
|
|
|a Alphabetisches Sachregister: S. 1285-1299
|
| 320 |
|
|
|a Bibliographie in Referenzen
|
| 541 |
1 |
|
|a Учебник машиностроения и механики машин. Третья часть. Механика вспомогательного оборудования и рабочих машин. Второй раздел. Передвижные машины
|z rus
|
| 606 |
1 |
|
|a Машиностроение
|x Технология
|9 61275
|
| 606 |
1 |
|
|a Механика машин
|9 63059
|
| 610 |
1 |
|
|a рабочие машины
|
| 610 |
1 |
|
|a производство
|
| 610 |
1 |
|
|a передвижное оборудование
|
| 610 |
1 |
|
|a переносные машины
|
| 610 |
1 |
|
|a механизмы
|
| 610 |
1 |
|
|a детали
|
| 610 |
1 |
|
|a станки
|
| 610 |
1 |
|
|a приборы
|
| 610 |
1 |
|
|a применение
|
| 610 |
1 |
|
|a немецкий язык
|
| 610 |
1 |
|
|a учебники
|
| 610 |
1 |
|
|a Коллекция П. А. Вагнера
|
| 610 |
1 |
|
|a дары библиотеке
|
| 675 |
|
|
|a 621.002(075.8)
|v 4
|
| 675 |
|
|
|a 621.01:531(075.8)
|v 4
|
| 702 |
|
1 |
|4 340
|a Weisbach
|b J.
|g Julius
|
| 702 |
|
1 |
|4 340
|a Herrmann
|b G.
|g Gustav
|
| 801 |
|
0 |
|a RU
|b 63413507
|c 20241119
|
| 830 |
|
|
|a Ретро2024Каталогизация Кузнецова
|
| 850 |
|
|
|a 63413507
|
| 942 |
|
|
|c BK
|